000 01212nam a2200241 i 4500
001 165497
003 ES-MaACL
005 20251220190209.0
008 990324s1844 sp |||| | spa d
080 _a061.235(460.27 M.)
110 2 _aSociedad para Propagar y Mejorar la Educación del Pueblo.
_9134919
245 1 0 _aActa de la sexta Junta General de la Sociedad para Propagar y Mejorar la Educación del Pueblo celebrada el día 2 de junio de 1844 o Relación de las operaciones y progresos de esta Sociedad durante el quinto año de su establecimiento.
260 _aMadrid :
_b[s.n.],
_c1844 (
_fImp. del Colegio Nacional de Sordo-Mudos y Ciegos)
300 _a48 p. ;
_c20 cm.
530 _aDisponible en formato digital.
594 _aFirma el acta Mateo Seoane
610 2 4 _aSociedad para Propagar y Mejorar la Educación del Pueblo-
_vActas.
_9134920
700 1 _aSeoane, Mateo,
_d1791-1870
_9132650
852 4 _aES-MaACL
_jT-6-F-17
_z- Enc. hol.
_z- Enc. en un vol. facticio
852 4 _aES-MaACL
_jT-21-F-6
856 4 _uhttps://bibliotecavirtualmadrid.comunidad.madrid/bvmadrid_publicacion/es/consulta/registro.do?id=2324
_zBiblioteca Digital de Madrid
999 _c165497
_d165497